• 首页
  • 本馆介绍
  • 公告通知
  • 最新文献
  • 馆藏检索
  • 电子资源
  • 读者导购
  • 参考咨询
  • 我的图书馆
  • 登录
  • 详细信息显示
  • 放入我的书架
  • 预约/预借图书
  • 作者相关作品
  • 分类相关作品
  • 丛书相关作品
  • 出版社相关作品

书目信息

  • 表格格式
  • 工作单格式
  • 卡片格式
题名:
我国的春夏秋冬
    
 
作者: 林之光 编
分册:  
出版信息: 北京   中国少年儿童出版社  1983
页数: 112页
开本: 19cm
丛书名: 少年百科丛书
单 册:
中图分类: P193-49
科图分类:
主题词: 季节--少年读物
电子资源:
ISBN:
000 00693nam2 2200253 45
001 0183006440
005 20060426163542.40
010    @dCNY0.29
091    @aR13056.157
100    @a19950413d1983 am y0chiy0121 ea
101 0  @achi
102    @aCN@b110000
105    @ay z 000yy
200 10 @a我国的春夏秋冬@Awo guo de chun xia qiu dong@f林之光编@Flin zhi guang bian
210    @a北京@c中国少年儿童出版社@d1983
215    @a112页@d19cm
225 2  @a少年百科丛书
410  0 @120010@a少年百科丛书
606    @a季节@x少年读物
690    @aP193-49@v3
701  0 @a林之光@Alin zhi guang@4编
801  2 @aCN@bNLC@c20060426
801  0 @aCN@b上海图书馆@c20040520
905    @dP193-49@e11
    
    我国的春夏秋冬/林之光编.-北京:中国少年儿童出版社,1983
    112页;19cm.-(少年百科丛书)
    
    
    ISBN :CNY0.29
    
●
相关链接 在E读中查询图书 在五车中查询图书 在当当中查询图书 在豆瓣中查询图书


正题名:我国的春夏秋冬     索取号:P193-49/11         预约/预借

序号 登录号 条形码 馆藏地/架位号 状态 备注
1 0087397   001959152   第三借阅区/ [索取号:P193-49/11] 在馆    
2 0087398   202291162   密集书库/ [索取号:P193-49/11] 在馆    
3 0087399   000628039   第三借阅区/ [索取号:P193-49/11] 在馆    
4 0087400   000628057   第三借阅区/ [索取号:P193-49/11] 在馆    
5 0087401   000628048   第二样本阅览室/ [索取号:P193-49/11] 在馆    
唐山师范学院图书馆 欢迎您!
大连网信软件有限公司© 版权所有